| 000 | 01213cam a2200229 4500 | ||
|---|---|---|---|
| 001 | ABS65718 | ||
| 008 | 020723n2002 000 0 eng u | ||
| 035 | _a(Sirsi) u119009 | ||
| 100 | _aLamont, S | ||
| 245 | 2 | _aA guide to the Workplace Regulations | |
| 260 | _c2002 | ||
| 490 |
_aFacilities Management _v9(10) July 2002, 24-25(2) |
||
| 520 | _aExamines the Workplace (Health, Safety and Welfare) Regulations 1992 and provides practical advice on how to comply. The Workplace Regulations govern the health and safety of workplace facilities, apply to the majority of workplaces and were fully implemented on 1 January 1996. There is an Approved Code of Practice (ACoP) to help employers comply with the Regulations. Explains who has a duty to comply with the Regulations and outlines the main provisionsBriefly sets out enforcement measures, expanding on cautions and prosecutions. Concludes with practical tips to avoid being in breach of the Regulations. | ||
| 590 | _aABS | ||
| 650 |
_aFACILITIES MANAGEMENT _96240 |
||
| 650 | _aCOMPLIANCE | ||
| 650 | _aENFORCEMENT | ||
| 650 |
_aHEALTH AND SAFETY _96244 |
||
| 650 | _aWORKPLACE REGULATIONS | ||
| 690 |
_aHealth and safety _96244 |
||
| 942 | _n0 | ||
| 999 |
_c70803 _d70803 |
||